LIBRARY & INFORMATION CENTRE, KCAET, TAVANUR

ONLINE PUBLIC ACCESS CATALOGUE (OPAC)

Ibsen:Enemy of the people, wild duck,Rosmersholm / (Record no. 11455)

MARC details
000 -LEADER
fixed length control field 00350cam a2200133ua 4500
041 ## - LANGUAGE CODE
Language code of text/sound track or separate title eng
082 ## - DEWEY DECIMAL CLASSIFICATION NUMBER
Classification number 822
Item number IBS/IB
100 ## - MAIN ENTRY--AUTHOR NAME
Personal name IBSEN, .
245 ## - TITLE STATEMENT
Title Ibsen:Enemy of the people, wild duck,Rosmersholm /
260 ## - PUBLICATION, DISTRIBUTION, ETC. (IMPRINT)
Place of publication London :
Name of publisher Oxford University ,
Year of publication 1960.
300 ## - PHYSICAL DESCRIPTION
Number of Pages 464 ; .

No items available.

free website counter